000 00793nam a22002177a 4500
003 OSt
005 20251028041154.0
008 251028b |||||||| |||| 00| 0 eng d
020 _a978-621-427-303-4
040 _aDWC-Main Lib
_cOC
082 _aFil. 658.421 A117 2025
100 _aAbante, Marmelo V.
245 _aThe entrepreneurial mindset blueprint:
_bfrom self-awareness to startup action/
_cMarmelo V. Abante, Rene Boy Bacay, and Erika F. Bacay.--
260 _aManila, Philippines:
_bUnlimited Books Library Services & Publishing Inc,
_cc2025.
300 _axii, 231 pages:
_billustrations;
_c25 cm.
504 _aIncludes bibliographical references.
650 _aEntrepreneurship.
700 _aBacay, Rene Boy
700 _aBacay, Erika F.
942 _2ddc
_cBK - FIL
_kFil.
_n0
999 _c5221
_d5221